00913nam a22002297a 4500003000500000005001700005008004100022010001000063011001000073035001000083040000900093100002600102245025300128260004000381300001000421502010900431650001600540650002800556650003300584650003700617650002900654CHAP20220329141036.0971013s1996 r 00010 d a61734 a62706 a66881 cCHAP00aEstrada Trejo, Angel. aEvaluación de Timsen (N-alquil dimetil bencil amonio) en mezcla con fungicidas de contacto para el control del tizón tardío (Phytophthora infestans (Mont.) de Barry) en jitomate (Lycopersicon esculentum Mill.), en Nepantla, Estado de México aChapingo, Méx. :bEl autor,c1996 a63 h. aTesis (Ing. Agr. Esp. en Parasitología Agrícola) -- UACH. Departamento de Parasitología Agrícola14aFungicidas.14aPhytophthora infestans.14aTizón tardío del tomate.14aTomatexEnfermedades por hongos.14aTomatezMéxico (Edo.).